| 000 | 01094nam a2200229Ia 4500 | ||
|---|---|---|---|
| 001 | 227.2-Cor* ROS pi (9901) | ||
| 003 | IT-MiSPE | ||
| 008 | 171229s9999||||xx |||||||||||||| ||und|| | ||
| 040 |
_aIT-MiSPE _cIT-MiSPE |
||
| 041 | _aITALIANO | ||
| 100 | _aPiero Rossano | ||
| 245 | 0 |
_aSperanza e comunità _bNelle lettere ai Tessalonicesi e ai Corinzi |
|
| 250 | _a1a ed. (v) | ||
| 260 |
_aCinisello B.mo _bEd. Paoline _c1993 |
||
| 300 |
_a247 p. _c18 cm |
||
| 490 |
_aFrammenti di saggezza biblica _v10 |
||
| 501 | _aEdizioni San Paolo srl - Piazza Soncino, 5 - 20092 CINISELLO BALSAMO (MI) (non commercial uses only) ® Copyright 2018 | ||
| 650 | _aBIBBIA. NT. Lettere ai Corinzi BIBBIA. NT. Lettere ai Tessalonicesi | ||
| 942 | _cBK | ||
| 957 | _71 | ||
| 999 |
_a8180 _bNO _g Copie: 1 _c339379 _d339379 |
||